Complete Mercantile Arithmetic With Elementary Mensuration With Answers (Record no. 1006)

MARC details
005 - DATE AND TIME OF LATEST TRANSACTION
control field 20250319142502.0
082 ## - DEWEY DECIMAL CLASSIFICATION NUMBER
Classification number 513.93 GRE
100 ## - MAIN ENTRY--PERSONAL NAME
Author name GREEN, H. P.
245 ## - TITLE STATEMENT
Title Complete Mercantile Arithmetic With Elementary Mensuration With Answers
260 ## - PUBLICATION, DISTRIBUTION, ETC.
Place of publication, distribution, etc. London,
Name of publisher, distributor, etc. Sir Isaac Pitman & Sons Ltd,
Date of publication, distribution, etc. 1965.
300 ## - PHYSICAL DESCRIPTION
Extent viii, 750p.: ill.; table,
Dimensions 19cm.
942 ## - ADDED ENTRY ELEMENTS (KOHA)
Source of classification or shelving scheme Dewey Decimal Classification
Koha item type Books
Holdings
Date last seen Total checkouts Full call number Barcode Cost, replacement price Price effective from Koha item type Lost status Source of classification or shelving scheme Damaged status Not for loan Withdrawn status Home library Current library Shelving location Date acquired Cost, normal purchase price
03/19/2025   513.93 GRE 0000003919 30000.00 03/19/2025 Books   Dewey Decimal Classification       College of Business Education Main Library College of Business Education Main Library General Collection 03/19/2025 10000.00
03/19/2025   513.93 GRE 0000003920 30000.00 03/19/2025 Books   Dewey Decimal Classification       College of Business Education Main Library College of Business Education Main Library General Collection 03/19/2025 10000.00